[Event "GER-ch54 V02 email"]
[Site "GER email"]
[Date "2022.05.01"]
[Round "?"]
[White "Traut, Werner"]
[Black "Andersen, Jens"]
[Result "1/2-1/2"]
[WhiteElo "2055"]
[BlackElo "2078"]
[PlyCount "100"]
[EventDate "2022.05.01"]
[EventType "tourn (corr)"]
[EventRounds "10"]
[EventCountry "GER"]
[SourceTitle "Corr 2024"]
[Source "ChessBase"]
[SourceDate "2023.10.19"]
[SourceVersion "1"]
[SourceVersionDate "2023.10.19"]
[SourceQuality "1"]

1. e4 c5 2. Nf3 e6 3. d4 cxd4 4. Nxd4 a6 5. Bd3 Bc5 6. Nb3 Ba7 7. 0-0 Nc6 8. Qe2 Nge7 9. Be3 0-0 10. Bxa7 Rxa7 11. N1d2 Qc7 12. f4 b5 13. Qf2 h6 14. a4 bxa4 15. Rxa4 a5 16. Rfa1 d6 17. R4a3 d5 18. c3 Qb8 19. g3 dxe4 20. Bxe4 Rb7 21. Bc2 e5 22. f5 Rd8 23. Ne4 Nd5 24. Nec5 Ra7 25. Ne4 Nce7 26. f6 Nxf6 27. Nxf6+ gxf6 28. Qxf6 Rd6 29. Qf2 Nd5 30. Nc5 Rf6 31. Qd2 Qd6 32. Ne4 Qb6+ 33. Kh1 Bb7 34. Rb3 Qc6 35. Rd1 Re6 36. Kg1 a4 37. Rxb7 Rxb7 38. Qxd5 Rxb2 39. Qd3 Qb6+ 40. Kg2 a3 41. h4 a2 42. Kh3 Qc7 43. g4 Kf8 44. h5 Reb6 45. Ra1 Rc6 46. Rf1 Rc4 47. Kh4 Qe7+ 48. Kh3 Qc7 49. Kh4 Qe7+ 50. Kh3 Qc7 1/2-1/2

[Event "GER-ch52 V01 email"]
[Site "GER email"]
[Date "2020.04.16"]
[Round "?"]
[White "Gabel, Andreas"]
[Black "Traut, Werner"]
[Result "1/2-1/2"]
[WhiteElo "2343"]
[BlackElo "2310"]
[PlyCount "69"]
[EventDate "2020.??.??"]
[EventType "tourn (corr)"]
[EventRounds "10"]
[EventCountry "GER"]
[SourceTitle "Corr 2022"]
[Source "ChessBase"]
[SourceDate "2021.10.24"]
[SourceVersion "1"]
[SourceVersionDate "2021.10.24"]
[SourceQuality "1"]

1. e4 c5 2. Nf3 Nc6 3. d4 cxd4 4. Nxd4 Nf6 5. Nc3 e5 6. Ndb5 d6 7. Bg5 a6 8. Na3 b5 9. Bxf6 gxf6 10. Nd5 f5 11. Bd3 Be6 12. c3 Bg7 13. Nxb5 axb5 14. Bxb5 Bd7 15. exf5 0-0 16. 0-0 e4 17. a4 Re8 18. Qg4 Kh8 19. Rad1 Rc8 20. Rfe1 Re5 21. Ne3 Qf6 22. Qh3 Rc5 23. g4 Rg8 24. Qg3 Ne5 25. Bxd7 Nxd7 26. Qxd6 Qxd6 27. Rxd6 Ne5 28. Kf1 Nd3 29. Re2 Be5 30. Rd5 Rc6 31. f3 Bf6 32. Rc2 Nxb2 33. Rxb2 Rxc3 34. Nd1 Rxf3+ 35. Rf2 1/2-1/2

[Event "GER-ch52 V01 email"]
[Site "GER email"]
[Date "2020.04.16"]
[Round "?"]
[White "Traut, Werner"]
[Black "Sobirey, Michael"]
[Result "1/2-1/2"]
[WhiteElo "2310"]
[BlackElo "2325"]
[PlyCount "53"]
[EventDate "2020.??.??"]
[EventType "tourn (corr)"]
[EventRounds "10"]
[EventCountry "GER"]
[SourceTitle "Corr 2022"]
[Source "ChessBase"]
[SourceDate "2021.10.24"]
[SourceVersion "1"]
[SourceVersionDate "2021.10.24"]
[SourceQuality "1"]

1. e4 e5 2. Nf3 Nc6 3. Bb5 a6 4. Ba4 Nf6 5. 0-0 Be7 6. Re1 b5 7. Bb3 0-0 8. c3 d5 9. exd5 Nxd5 10. Nxe5 Nxe5 11. Rxe5 c6 12. d3 Bd6 13. Re1 Bf5 14. Qf3 Qf6 15. Nd2 Qg6 16. Bd1 Bxd3 17. Ne4 Bxe4 18. Qxe4 Qxe4 19. Rxe4 Rfe8 20. Rxe8+ Rxe8 21. Kf1 Be5 22. Bd2 Rd8 23. Bf3 Nb6 24. Rd1 f5 25. Be3 Rxd1+ 26. Bxd1 Nd5 27. Bc5 1/2-1/2

[Event "GER-ch51 V01 email"]
[Site "GER email"]
[Date "2019.04.14"]
[Round "?"]
[White "Traut, Werner"]
[Black "Richter, Wolfgang"]
[Result "1/2-1/2"]
[WhiteElo "2328"]
[BlackElo "2341"]
[PlyCount "94"]
[EventDate "2019.??.??"]
[EventType "tourn (corr)"]
[EventRounds "10"]
[EventCountry "GER"]
[SourceTitle "Corr 2022"]
[Source "ChessBase"]
[SourceDate "2021.10.24"]
[SourceVersion "1"]
[SourceVersionDate "2021.10.24"]
[SourceQuality "1"]

1. e4 e5 2. Nf3 Nc6 3. Bb5 a6 4. Ba4 Nf6 5. 0-0 Nxe4 6. d4 Be7 7. Re1 b5 8. Rxe4 d5 9. Nxe5 Nxe5 10. Rxe5 bxa4 11. Nc3 0-0 12. Nxa4 Bd6 13. Re3 Qh4 14. g3 Qf6 15. c3 Qg6 16. Qf3 Bf5 17. Nc5 c6 18. Nb7 Bc7 19. Qg2 Rfe8 20. Nc5 Bd6 21. Bd2 Rxe3 22. Bxe3 a5 23. f3 Re8 24. Re1 h5 25. Bd2 Rxe1+ 26. Bxe1 Bxc5 27. dxc5 Be6 28. a3 Qd3 29. Qf1 Qb1 30. Qe2 Kf8 31. Kg2 Bf5 32. b4 Bd3 33. Qe5 Bb5 34. a4 Bxa4 35. bxa5 Bb5 36. h3 f6 37. Qe6 Qa2+ 38. Kg1 Qc4 39. Qe3 Kf7 40. g4 hxg4 41. hxg4 Qa4 42. f4 Qd1 43. g5 Qg4+ 44. Kf2 Qh4+ 45. Kg2 Qg4+ 46. Kh2 Bf1 47. Qg3 Qe2+ 1/2-1/2

[Event "GER-ch50 V01 email"]
[Site "GER email"]
[Date "2018.05.15"]
[Round "?"]
[White "Traut, Werner"]
[Black "Giering, Guido"]
[Result "1-0"]
[WhiteElo "2339"]
[BlackElo "2191"]
[PlyCount "91"]
[EventDate "2018.??.??"]
[EventType "tourn (corr)"]
[EventRounds "10"]
[EventCountry "GER"]
[SourceTitle "Corr 2020"]
[Source "ChessBase"]
[SourceDate "2019.09.30"]
[SourceVersion "1"]
[SourceVersionDate "2019.09.30"]
[SourceQuality "1"]

1. e4 c5 2. Nf3 d6 3. d4 cxd4 4. Nxd4 Nf6 5. Nc3 a6 6. Be3 e5 7. Nb3 Be7 8. f3 Be6 9. Qd2 0-0 10. 0-0-0 Nbd7 11. g4 b5 12. Rg1 Nb6 13. Na5 Rc8 14. g5 Nh5 15. Kb1 g6 16. a3 Qc7 17. Nd5 Nxd5 18. exd5 Bd7 19. c4 Bd8 20. Nc6 Bxc6 21. dxc6 Qxc6 22. cxb5 axb5 23. Rc1 Qxc1+ 24. Qxc1 Rxc1+ 25. Kxc1 f6 26. Bxb5 fxg5 27. Rd1 Ng7 28. Bg1 Nf5 29. b4 Bc7 30. Kb2 Nh4 31. Bc6 Nxf3 32. Bxf3 Rxf3 33. Rc1 Rf7 34. a4 d5 35. a5 d4 36. a6 Bb8 37. b5 Ba7 38. Rc6 Rf8 39. Kb3 Rb8 40. Kb4 e4 41. Rc7 Bb6 42. Rb7 Rxb7 43. axb7 Bc7 44. Bxd4 Kf8 45. Kc5 Ke8 46. b6 1-0